Mitos salvajes / (Record no. 1086)

MARC details
000 -LEADER
campo de control de longitud fija 00866nam a22002417a 4500
008 - DATOS DE LONGITUD FIJA--INFORMACIÓN GENERAL
campo de control de longitud fija 161015s2008 pn||||| |||| 00| 0 spa d
082 04 - NÚMERO DE LA CLASIFICACIÓN DECIMAL DEWEY
Número de clasificación 708
Número de ítem M661m
100 1# - ENTRADA PRINCIPAL--NOMBRE DE PERSONA
Nombre de persona Milson, Lezlie.
9 (RLIN) 3744
245 10 - MENCIÓN DEL TÍTULO
Título Mitos salvajes /
Mención de responsabilidad, etc. Lezlie Milson ;texto por Arabella Ogilvie-Makarí ; Mateo Sariel Galería.
250 ## - MENCION DE EDICION
Mención de edición 1a ed.
260 ## - PUBLICACIÓN, DISTRIBUCIÓN, ETC.
Lugar de publicación, distribución, etc. Panamá :
Nombre del editor, distribuidor, etc. Mateo Sariel Galería,
Fecha de publicación, distribución, etc. 2008.
300 ## - DESCRIPCIÓN FÍSICA
Extensión 42 p.
Otras características físicas il. col.
500 ## - NOTA GENERAL
Nota general Catálogo publicado con motivo a la exposición "Mitos Salvajes", presentada del 16 de abril al 7 de mayo de 2009, en Mateo Sariel Galería.
653 10 - TÉRMINO DE INDIZACIÓN--NO CONTROLADO
Término no controlado Arte contemporáneo
653 10 - TÉRMINO DE INDIZACIÓN--NO CONTROLADO
Término no controlado Catálogo de exhibición
653 10 - TÉRMINO DE INDIZACIÓN--NO CONTROLADO
Término no controlado Exhibiciones
653 10 - TÉRMINO DE INDIZACIÓN--NO CONTROLADO
Término no controlado Talle de madera
653 10 - TÉRMINO DE INDIZACIÓN--NO CONTROLADO
Término no controlado Escultura
653 10 - TÉRMINO DE INDIZACIÓN--NO CONTROLADO
Término no controlado Pintura
653 10 - TÉRMINO DE INDIZACIÓN--NO CONTROLADO
Término no controlado Arte - Panamá
700 1# - ENTRADA AGREGADA--NOMBRE PERSONAL
Nombre de persona Ogilvie-Makarí, Arabella.
9 (RLIN) 5610
710 1# - ENTRADA AGREGADA--NOMBRE DE ENTIDAD CORPORATIVA
Nombre de entidad corporativa o nombre de jurisdicción como elemento de entrada Mateo Sariel Galería.
9 (RLIN) 5611
Holdings
Estatus retirado Estado de pérdida Fuente del sistema de clasificación o colocación Estado de daño No para préstamo Biblioteca de origen Biblioteca actual Ubicación en estantería Fecha de adquisición Total de préstamos Signatura topográfica completa Código de barras Visto por última vez Precio de reemplazo Tipo de ítem Koha
    Clasificación Decimal Dewey     Biblioteca LadoV Biblioteca LadoV   15/10/2016   708 M661m 001058 15/10/2016 15/10/2016 Material 01